| 000 | 00406nam a2200157 i 4500 | ||
|---|---|---|---|
| 001 | 44439 | ||
| 003 | ES-MaACL | ||
| 005 | 20230906161030.0 | ||
| 007 | t| | ||
| 008 | 030321s1971 sp ||||1| spa d | ||
| 100 | 1 |
_aCeba, Juan José. _937270 |
|
| 245 | 1 | 0 |
_aPoemas / _cJuán José Ceba. |
| 260 |
_aAlmeria : _b[s.n.], _c1971. |
||
| 300 |
_a55 p. : _bil. ; _c22 cm. |
||
| 852 |
_aES-MaACL _jC-42221 _bR.79825 |
||
| 999 |
_c44439 _d44439 |
||